[Event "AUTO-OPEN-3028"]
[Site "http://www.queenalice.com/game.php?id=1197785"]
[Date "2013.7.7"]
[Round "1"]
[White "VFA2013"]
[Black "bc113"]
[Result "0-1"]
[WhiteElo "2006"]
[BlackElo "750"]

1. d4 d5 2. c4 c6 3. Nc3 e6 4. Nf3 h6 5. Bf4 Nf6 6. e3 Be7 7. Qc2 O-O 8. cxd5
Nh7 9. Bxb8 Rxb8 10. dxe6 Bxe6 11. Bd3 f5 12. O-O b6 13. Ne5 Rc8 14. f3 Bf6 15.
Ng6 Rf7 16. Bxf5 Bxf5 17. Qxf5 Qd7 18. Qxd7 Rxd7 19. h4 Nf8 20. Nf4 b5 21. h5 a6
22. Ne4 Bg5 23. Nc5 Ra7 24. Nfe6 Nxe6 25. Nxe6 Bxe3+ 26. Kh2 Re8 27. Nxg7 Rxg7
28. Rae1 Bf4+ 29. Kh1 Rxe1 30. Rxe1 Kf7 31. Re4 Bg5 32. g4 Bd8 33. Kg2 Be7 34.
Kf2 a5 35. Ke3 Ke8 0-1

[Event "AUTO-OPEN-3028"]
[Site "http://www.queenalice.com/game.php?id=1197786"]
[Date "2013.7.7"]
[Round "1"]
[White "bc113"]
[Black "VFA2013"]
[Result "0-1"]
[WhiteElo "750"]
[BlackElo "2004"]

1. e4 e5 2. d3 Nc6 3. Nf3 Bc5 4. c3 a6 5. h3 d5 6. exd5 Qxd5 7. Be2 Be6 8. O-O
O-O-O 9. Nh2 h6 10. Bg4 f5 11. Be2 Nf6 12. c4 Qd7 13. Be3 Nd4 14. Bxd4 Bxd4 15.
Nc3 g5 16. Nf3 g4 17. Nxd4 Qxd4 18. h4 g3 19. Qe1 Ng4 20. Bxg4 fxg4 21. Qe3
gxf2+ 22. Qxf2 Qxd3 23. Qe2 Qd4+ 24. Qf2 Bxc4 25. Qxd4 exd4 26. Ne4 Bxf1 27.
Kxf1 Rhf8+ 28. Ke2 b6 29. Rd1 c5 30. b3 Rde8 31. Kd3 Kc7 32. g3 Rf3+ 33. Kc4
Rxe4 34. Kd5 Ree3 35. Rb1 Rf5+ 0-1

[Event "AUTO-OPEN-3028"]
[Site "http://www.queenalice.com/game.php?id=1197813"]
[Date "2013.7.7"]
[Round "1"]
[White "ribeiro"]
[Black "bc113"]
[Result "1-0"]
[WhiteElo "1739"]
[BlackElo "750"]

1. e4 e5 2. Nf3 d6 3. Bc4 h6 4. d4 exd4 5. Nxd4 Be7 6. O-O Nf6 7. Re1 O-O 8. e5
dxe5 9. Nb5 Qxd1 10. Rxd1 Na6 11. Be3 c6 12. Nxa7 c5 13. Nb5 Bd7 14. N1c3 Bxb5
15. Nxb5 Nc7 16. Nxc7 Rad8 17. h3 Rxd1+ 18. Rxd1 Rc8 19. Nd5 Nxd5 20. Rxd5 b6
21. Rxe5 Bf6 22. Rf5 Rd8 23. b4 cxb4 24. Bxb6 Re8 25. Bb3 Re2 26. Rf4 Re1+ 27.
Kh2 Be5 28. Bxf7+ Kh7 29. g3 Bxf4 30. gxf4 Re2 31. Bb3 Re4 32. Kg3 Kg6 33. Be3
Kf6 34. Bd5 Re8 35. Bc5 Rc8 36. Bd4+ Kg6 37. Be4+ Kf7 38. Kg4 Rc4 39. Bd5+ Ke7
40. Bxc4 1-0

[Event "AUTO-OPEN-3028"]
[Site "http://www.queenalice.com/game.php?id=1197814"]
[Date "2013.7.7"]
[Round "1"]
[White "bc113"]
[Black "ribeiro"]
[Result "1-0"]
[WhiteElo "750"]
[BlackElo "1741"]

1. c4 e5 2. d3 Bc5 3. e4 Nf6 4. h3 c6 5. Nf3 d6 6. Be2 h6 7. O-O g5 8. Nh2 h5 9.
a3 g4 10. hxg4 hxg4 11. g3 Rh3 12. Re1 Rxg3+ 13. Kh1 Bxf2 14. Rf1 Bd4 15. Bg5
Qb6 16. Rxf6 Rg1+ 17. Qxg1 Bxg1 18. Nd2 Bxh2 19. Kxh2 Qf2+ 20. Rxf2 Be6 21. Bh4
Na6 22. Bg3 Kd7 23. Rh1 Rf8 24. Kg2 d5 25. cxd5 cxd5 26. Kf1 Rc8 27. Bxe5 Rc2
28. exd5 Bxd5 29. Bxg4+ Kc6 30. Rh6+ Kb5 31. Bc3 Nc5 32. Bf5 a5 33. Ke2 Nb3 34.
Kd1 Rc1+ 35. Ke2 Ka4 36. Rf4+ Kb5 37. a4+ Kc5 38. Ne4+ Bxe4 39. Rxe4 Rc2+ 40.
Ke3 Rxc3 41. bxc3 Na1 42. Re5# 1-0

[Event "AUTO-OPEN-3028"]
[Site "http://www.queenalice.com/game.php?id=1232613"]
[Date "2013.11.15"]
[Round "2"]
[White "bc113"]
[Black "viennawaltz"]
[Result "0-1"]
[WhiteElo "750"]
[BlackElo "2352"]

1. d4 d5 2. e3 Bf5 3. h3 Nf6 4. Nf3 e6 5. Be2 Bd6 6. O-O O-O 7. Nh2 c5 8. f4
cxd4 9. exd4 Nc6 10. c3 Ne4 11. Qe1 Qc7 12. Be3 g5 13. Bg4 gxf4 14. Bf2 Bxg4 15.
Nxg4 f5 16. Nh2 e5 17. Nd2 exd4 18. Nxe4 fxe4 19. Bxd4 Nxd4 20. cxd4 f3 21. Ng4
Qg7 22. gxf3 h5 23. Qh4 hxg4 24. Qxg4 e3 25. Qxg7+ Kxg7 26. Kg2 Rac8 27. Rae1
Rc2+ 28. Kg1 Kh6 29. Rxe3 Rg8+ 30. Kh1 Rh2# 0-1

[Event "AUTO-OPEN-3028"]
[Site "http://www.queenalice.com/game.php?id=1232614"]
[Date "2013.11.15"]
[Round "2"]
[White "viennawaltz"]
[Black "bc113"]
[Result "1-0"]
[WhiteElo "2346"]
[BlackElo "750"]

1. d4 d5 2. c4 c6 3. Nf3 e6 4. Nc3 h6 5. e4 Bb4 6. Bd3 Bxc3+ 7. bxc3 dxe4 8.
Bxe4 Nf6 9. Bd3 O-O 10. O-O Nh7 11. Ne5 Nd7 12. Ba3 Re8 13. Bxh7+ Kxh7 14. Nxf7
Qf6 15. Nd6 Rg8 16. Re1 Nf8 17. Re3 g5 18. Rf3 Qg6 19. Rf7+ Kh8 20. Re7 Rg7 21.
Re8 Qf6 22. Ne4 Qg6 23. Rxf8+ Rg8 24. Rf6 Qg7 25. Qh5 b6 26. Rxh6+ 1-0

[Event "AUTO-OPEN-3028"]
[Site "http://www.queenalice.com/game.php?id=1232615"]
[Date "2013.11.15"]
[Round "2"]
[White "bc113"]
[Black "Sambafor"]
[Result "0-1"]
[WhiteElo "750"]
[BlackElo "2119"]

1. d4 g6 2. e3 Bg7 3. Nf3 d6 4. h3 Nc6 5. Be2 e5 6. dxe5 Nxe5 7. Nxe5 Bxe5 8.
O-O Be6 9. Nc3 f5 10. f4 Bg7 11. Bf3 c6 12. Bd2 Nf6 13. Rb1 Qb6 14. Kh1 O-O 15.
b3 d5 16. Ne2 Ne4 17. Bxe4 dxe4 18. Re1 Rad8 19. Qc1 Rd7 20. Bc3 Rfd8 21. Bxg7
Kxg7 22. c4 c5 23. Nc3 h6 24. Rb2 Rd3 25. Rd1 Rxd1+ 26. Nxd1 Qd6 27. Nf2 a6 28.
Rb1 Qd2 29. Qxd2 Rxd2 30. Kg1 Rxa2 0-1

[Event "AUTO-OPEN-3028"]
[Site "http://www.queenalice.com/game.php?id=1232616"]
[Date "2013.11.15"]
[Round "2"]
[White "Sambafor"]
[Black "bc113"]
[Result "1-0"]
[WhiteElo "2118"]
[BlackElo "750"]

1. d4 d5 2. c4 c6 3. Nc3 e6 4. Nf3 h6 5. e3 Nf6 6. Bd3 Bb4 7. Bd2 Bxc3 8. Bxc3
O-O 9. O-O dxc4 10. Bxc4 b6 11. Qe2 a5 12. a3 Ba6 13. Bxa6 Nxa6 14. Ne5 c5 15.
Rad1 Nd5 16. Qc4 Nxc3 17. bxc3 Qd5 18. Qb5 Qd6 19. Nc4 Qc7 20. Qxb6 Qxb6 21.
Nxb6 Rad8 22. f4 cxd4 23. cxd4 f5 24. Rc1 Rf7 25. Rc6 Nb8 26. Rxe6 Rb7 27. Nc4
Rc7 28. Nxa5 Rc2 29. Nb7 Rdc8 30. Nc5 Rd8 31. Rb1 1-0

[Event "AUTO-OPEN-3199"]
[Site "http://www.queenalice.com/game.php?id=1260493"]
[Date "2014.2.27"]
[Round "1"]
[White "mitsho"]
[Black "bc113"]
[Result "1-0"]
[WhiteElo "1840"]
[BlackElo "750"]

1. d4 d5 2. c4 c6 3. Nf3 e6 4. Nc3 h6 5. e3 Nf6 6. Be2 Be7 7. O-O O-O 8. Ne5
Nbd7 9. b3 Nxe5 10. dxe5 Nh7 11. e4 dxe4 12. Nxe4 Qxd1 13. Rxd1 Bg5 14. Bxg5
Nxg5 15. Nxg5 hxg5 16. Rd4 b6 17. f4 Bb7 18. fxg5 g6 19. h4 Rad8 20. Rad1 Rxd4
21. Rxd4 Bc8 22. h5 Kg7 23. g4 gxh5 24. gxh5 Rh8 25. Rh4 c5 26. Bd3 Bd7 27. h6+
Kf8 28. g6 fxg6 29. Bxg6 Be8 30. Be4 Bf7 31. Kf2 Ke7 32. h7 Kd7 33. Rf4 Ke7 34.
Kg3 Kd7 35. Rxf7+ Kc8 36. Rg7 Kd8 37. Rg8+ Rxg8+ 38. hxg8=Q+ 1-0

[Event "AUTO-OPEN-3199"]
[Site "http://www.queenalice.com/game.php?id=1260494"]
[Date "2014.2.27"]
[Round "1"]
[White "bc113"]
[Black "mitsho"]
[Result "0-1"]
[WhiteElo "750"]
[BlackElo "1838"]

1. d4 d5 2. e3 c5 3. dxc5 e6 4. Nf3 Nd7 5. Be2 Bxc5 6. O-O Ngf6 7. b3 O-O 8. Ba3
Ne4 9. Bxc5 Ndxc5 10. Qe1 b6 11. Nfd2 Qc7 12. Nxe4 Nxe4 13. Na3 a5 14. Bf3 Ba6
15. Bxe4 Bxf1 16. Qxf1 dxe4 17. f3 exf3 18. Qxf3 Rad8 19. Rd1 Rxd1+ 20. Qxd1 Qc5
21. Qc1 f5 22. Kf1 b5 23. Nb1 a4 24. bxa4 bxa4 25. c3 Qc4+ 26. Kg1 e5 27. a3 f4
28. exf4 Rxf4 29. Qd1 e4 30. Qd8+ Rf8 31. Qd1 e3 32. Qe1 e2 33. Nd2 Qc5+ 34. Kh1
Qf2 35. Qxf2 Rxf2 36. Nf3 Rf1+ 0-1

[Event "AUTO-OPEN-3199"]
[Site "http://www.queenalice.com/game.php?id=1260523"]
[Date "2014.2.27"]
[Round "1"]
[White "bc113"]
[Black "holandes"]
[Result "0-1"]
[WhiteElo "750"]
[BlackElo "1847"]

1. d4 d5 2. e3 a6 3. h3 Nf6 4. Nf3 h6 5. Be2 c6 6. O-O Qd6 7. Nh2 Ne4 8. Nd2 Bf5
9. Nxe4 Bxe4 10. Bf3 e5 11. Bxe4 dxe4 12. dxe5 Qxe5 13. f4 exf3 0-1

[Event "AUTO-OPEN-3199"]
[Site "http://www.queenalice.com/game.php?id=1260524"]
[Date "2014.2.27"]
[Round "1"]
[White "holandes"]
[Black "bc113"]
[Result "1-0"]
[WhiteElo "1870"]
[BlackElo "750"]

1. e4 e5 2. Nf3 d6 3. h3 Nf6 4. Bd3 Be7 5. c3 O-O 6. Bc2 h6 7. d4 exd4 8. cxd4
c6 9. Bd2 Nh7 10. Bc3 b6 11. a3 Ng5 12. Nbd2 Nxf3+ 13. Nxf3 Bd7 14. Qd3 f6 15.
e5 1-0

[Event "AUTO-BEG-623"]
[Site "http://www.queenalice.com/game.php?id=1341743"]
[Date "2015.2.15"]
[Round "1"]
[White "caracole"]
[Black "bc113"]
[Result "1-0"]
[WhiteElo "1211"]
[BlackElo "750"]

1. e4 e5 2. Nf3 d6 3. d4 Be7 4. Be2 h6 5. O-O Nf6 6. Nc3 exd4 7. Nxd4 O-O 8. Nd5
Nxd5 9. exd5 Bf6 10. c4 Bxd4 11. Qxd4 Nd7 12. Bd2 Nf6 13. Bd3 Ne8 14. Qe4 f5 15.
Qd4 Qf6 16. Bc3 Qxd4 17. Bxd4 Bd7 18. b3 1-0

[Event "AUTO-BEG-623"]
[Site "http://www.queenalice.com/game.php?id=1341744"]
[Date "2015.2.15"]
[Round "1"]
[White "bc113"]
[Black "caracole"]
[Result "0-1"]
[WhiteElo "750"]
[BlackElo "1209"]

1. d4 Nf6 2. e3 g6 3. Nf3 Bg7 4. Be2 d6 5. h3 O-O 6. O-O Nc6 7. Nh2 e5 8. dxe5
dxe5 9. Bg4 Nxg4 10. Nxg4 Qg5 11. Kh2 Be6 12. f3 f5 13. Nf2 e4 14. f4 Qe7 15. c3
Rad8 16. Qe2 Na5 17. Rd1 Nc4 0-1

[Event "AUTO-BEG-623"]
[Site "http://www.queenalice.com/game.php?id=1341761"]
[Date "2015.2.15"]
[Round "1"]
[White "bc113"]
[Black "BOTAFOGONISSO"]
[Result "0-1"]
[WhiteElo "750"]
[BlackElo "1538"]

1. e4 e5 2. Nf3 d5 3. exd5 Qxd5 4. Be2 Nc6 5. O-O h6 6. h3 a6 7. d3 Bf5 8. Nh2
Bd6 9. Bg4 Bxg4 10. Qxg4 g6 11. Qf3 Qxf3 0-1

[Event "AUTO-BEG-623"]
[Site "http://www.queenalice.com/game.php?id=1341762"]
[Date "2015.2.15"]
[Round "1"]
[White "BOTAFOGONISSO"]
[Black "bc113"]
[Result "1-0"]
[WhiteElo "1540"]
[BlackElo "750"]

1. e4 e5 2. Nf3 d6 3. Bc4 h6 4. d3 Nf6 5. h3 Be7 6. O-O O-O 7. Nc3 c6 8. Nh4 Nh7
9. Nf5 Bxf5 10. exf5 d5 11. Bb3 1-0